000 00290nam a2200121 i 4500
001 bg
245 0 _aSemijazycňyj słovar po televideniju, radiolokacji i antenom.
260 _aMoskwa,
_c1961.
040 _cBPK
041 _apol
942 _cKS
008 s pl f |000 0 pol
999 _c8306
_d8306
856 _uhttp://koha.tu.koszalin.pl/cgi-bin/koha/opac-detail.pl?biblionumber=8306
_yKatalog online BPK